Wine Regions of Piedmont, Italy - Statistics

General Stats
  • This quiz has been taken 286 times
  • The average score is 3 of 6
Answers on the Map
Answers color-coded by a green-red scale on the quiz's map according to % correct below.
 
Answer Stats
Answer % Correct
Gavi
74%
Barolo
70%
Barbaresco
56%
Dolcetto d'Alba
56%
Asti
49%
Barbera d'Asti
41%
No matching quizzes found
Score Distribution
Percent of People with Each Score
Percentile by Number Answered
Your Score History
You have not taken this quiz